| 000 | 00964nam a2200253 i 4500 | ||
|---|---|---|---|
| 001 | 8648 | ||
| 003 | KOSZ 005 | ||
| 005 | 20191003124435.0 | ||
| 008 | 070716s1970 pl a f 001 0 pol | ||
| 015 | _aPB 1970/2075 | ||
| 040 |
_aWA N _cKOSZ 005/ID _dKOSZ 005/ID |
||
| 080 | _a677.4:620.1 | ||
| 100 | 1 |
_aUrbańczyk, Grzegorz Waldemar _d(1928-2008) _eAutor |
|
| 245 | 1 | 0 |
_aFizyka włókna : _bmolekularna i nadmolekularna struktura włókna / _cGrzegorz W. Urbańczyk. |
| 260 |
_aWarszawa : _bWydawnictwa Naukowo-Techniczne, _c1970. |
||
| 300 |
_a346, [1] s. : _bil., err. ; _c25 cm. |
||
| 380 | _aKsiążki. | ||
| 504 | _aBibliogr. s. 338-[339]. Indeks. | ||
| 650 | 4 |
_aWłókna sztuczne _xfizyka _xbadanie _xmetody. |
|
| 655 | 4 | _aPodręczniki akademickie | |
| 710 | 2 |
_aWydawnictwa Naukowo-Techniczne _4pbl. |
|
| 856 |
_uhttp://koha.tu.koszalin.pl/cgi-bin/koha/opac-detail.pl?biblionumber=8648 _yKatalog online BPK |
||
| 942 |
_2UKD _cKS |
||
| 999 |
_c8648 _d8648 |
||